Tvrdý boj o prežitie

Realita podnikania v potravinárskom priemysle na Slovensku. Priority na rok 2014 : zrovnoprávnenie dotácií pre slovenských farmárov a potravinárov, spravodlivé financovanie a zdaňovanie potravinárskeho priemyslu, zlepšenie dodávateľsko-odberateľských vzťahov, zefektívnenie kontroly bezpečnosti potra...

Descrizione completa

Salvato in:
Dettagli Bibliografici
Natura: Capitolo di libro
Lingua:slovacco
Soggetti:
Tags: Aggiungi Tag
Nessun Tag, puoi essere il primo ad aggiungerne!!

MARC

LEADER 00000naa a2200000 4500
001 0185363
005 20231109070936.6
041 0 |a slo 
044 |a SK 
245 1 0 |a Tvrdý boj o prežitie 
520 |a Realita podnikania v potravinárskom priemysle na Slovensku. Priority na rok 2014 : zrovnoprávnenie dotácií pre slovenských farmárov a potravinárov, spravodlivé financovanie a zdaňovanie potravinárskeho priemyslu, zlepšenie dodávateľsko-odberateľských vzťahov, zefektívnenie kontroly bezpečnosti potravín. 
610 2 0 |a potravinárstvo 
610 2 0 |a priemysel potravinársky 
610 2 0 |a Slovensko 
610 2 0 |a 2014